000 00757nam a2200181 a 4500
008 130905s2002 ||||||||||||||||| || u
020 _a9780750651349
050 _aTL 255 BRO
100 _aRobertson, A. John
245 1 0 _aMotor vehicle structures: concepts and fundamentals
_cby Jason C Brown, A John Robertson and Stan T Serpento
260 _aOxford:
_bButterworth-Heinemann
_c2002
300 _axiv, 285p.: ill.
650 _aAUTOMOBILES--CHASSIS--DESIGN AND CONSTRUCTION
650 _aAUTOMOBILES--BODIES--DESIGN AND CONSTRUCTION
700 _aSerpento, Stan T
700 _aBrown, Jason C
995 _FCBU-MAIN LIBRARY (Kitwe)
_M1
_UAVAILABLE
_WSep 11, 2013
_ZMain Library Open Access Collection
999 _c51728
_d51728